UEFA Champions League Teams Loosing In Quarters Finals - Statistics

General Stats
  • This quiz has been taken 672 times
    319 since last reset
  • The average score is 50 of 118
Answer Stats
Team % Correct
FC Barcelona
95%
Manchester City
95%
Real Madrid
95%
Bayern Munich
94%
Chelsea
94%
Manchester United
93%
Paris Saint-Germain
93%
Borussia Dortmund
92%
Inter Milan
92%
Liverpool
92%
SL Benfica
91%
Arsenal
90%
FC Porto
90%
AC Milan
89%
Aston Villa
89%
Atletico Madrid
89%
Juventus
89%
Olympique Lyonnais
87%
Tottenham Hotspur
87%
Sevilla FC
85%
SSC Napoli
84%
AFC Ajax
83%
AS Roma
82%
AS Monaco
79%
Olympique de Marseille
79%
PSV Eindhoven
79%
Sporting CP
77%
Valencia CF
77%
Lazio
74%
Feyenoord
73%
Schalke 04
69%
Bayer Leverkusen
68%
Celtic FC
68%
Leicester City
68%
Rangers FC
65%
Galatasaray SK
63%
Atalanta B.C.
61%
Red Star Belgrade
58%
FC Dynamo Kyiv
56%
AC Fiorentina
55%
VfL Wolfsburg
55%
Deportivo La Coruna
54%
Club Brugge
53%
Olympiacos
53%
Athletic Bilbao
51%
Malaga CF
51%
Shakhtar Donetsk
51%
RSC Anderlecht
50%
Besiktas SK
49%
IFK Malmö
49%
Borussia Mönchengladbach
48%
Dynamo Dresden
47%
Werder Bremen
47%
Bordeaux
46%
CSKA Moscow
46%
BFC Dynamo
45%
Fenerbahçe SK
45%
Panathinaïkos
45%
Everton
43%
FC Basel
41%
APOEL
39%
Spartak Moscow
39%
Stade de Reims
38%
AEK Athens
37%
FK Partizan
36%
AS Saint-Étienne
35%
Rapid Wien
33%
IFK Göteborg
30%
Legia Warsaw
30%
OGC Nice
29%
Austria Wien
28%
FC Koln
28%
Sparta Prague
27%
Aberdeen FC
25%
Rosenborg SK
25%
Ferencvaros TC
24%
Standard Liège
24%
AJ Auxerre
23%
FC Kaiserslautern
23%
Hajduk Split
21%
CSKA Sofia
20%
Wolverhampton Wanderers
18%
Grasshopper
17%
FC Nürnberg
16%
Brøndby IF
13%
Strasbourg
10%
Ujpest FC
10%
Gornik Zabrze
9%
KV Mechelen
8%
Wisla Krakow
8%
Burnley
7%
Dnipro Dnipropetrovsk
7%
Dukla Prague
7%
Spartak Trnava
7%
Dynamo Minsk
5%
Vasas SC
5%
Budapest Vörös Lobogo
4%
Carl Zeiss Jena
4%
Eintracht Braunschweig
4%
Ruch Chorzow
4%
Sparta Rotterdam
4%
Wiener SC
4%
Banik Ostrava
3%
AGF Arhus
2%
Ararat Yerevan
2%
FK Vojvodina
2%
Kuusysi Lahti
2%
Linfield FC
2%
Universitatea Craiova
2%
Atvidabergs FF
1%
CDNA Sofia
1%
Djurgårdens IF
1%
DWS Amsterdam
1%
SSW Innsbruck
1%
Villarreal CF
1%
Vorwärts Berlin
1%
Wismut Karl-Marx
1%
Spartak Hradec Králové
0%
No matching quizzes found
Score Distribution
Percent of People with Each Score
Percentile by Number Answered
Your Score History
You have not taken this quiz since the last reset